Textbook Of Engineering Mechanics (Record no. 218500)

MARC details
000 -LEADER
fixed length control field 00505nam a2200181Ia 4500
008 - FIXED-LENGTH DATA ELEMENTS--GENERAL INFORMATION
fixed length control field 230714s9999 xx 000 0 und d
020 ## - INTERNATIONAL STANDARD BOOK NUMBER
International Standard Book Number 9790000000000
041 ## - LANGUAGE CODE
Language code of text/sound track or separate title eng
082 ## - DEWEY DECIMAL CLASSIFICATION NUMBER
Classification number 620.1
Item number KHU
100 ## - MAIN ENTRY--PERSONAL NAME
Personal name Khurmi R.S.
9 (RLIN) 141538
245 ## - TITLE STATEMENT
Title Textbook Of Engineering Mechanics
250 ## - EDITION STATEMENT
Edition statement 20th Revised ed.
260 ## - PUBLICATION, DISTRIBUTION, ETC. (IMPRINT)
Date of publication, distribution, etc. 2014
Name of publisher, distributor, etc. S. Chand
300 ## - PHYSICAL DESCRIPTION
Extent 765
Accompanying material [OBSOLETE, CAN/MARC] Ref 435 G (54079)
365 ## - TRADE PRICE
Currency code Rs.
Price amount 695.00
700 ## - ADDED ENTRY--PERSONAL NAME
Personal name Khurmi R.S.
9 (RLIN) 141538
906 ## - LOCAL DATA ELEMENT F, LDF (RLIN)
d O:0525411-Aug-2016B:IN 74528-Jul-2016
c BSH
b 3892

No items available.